Wortgemisch - Deutsche Sehenswürdigkeiten - Statistiken

Allgemein
  • Dieses Quiz wurde 48 mal gespielt
  • Das Durchschnittsergebnis liegt bei 3 aus 12
Antwortstatistiken
Wortgemisch Sehenswürdigkeit % Korrekt
rödnek lmo Kölner Dom
81%
grbtuarw Wartburg
62%
hiebnropmlleai Elbphilharmonie
45%
angir tapro Porta Nigra
36%
tünrl esmreu Ulmer Münster
31%
uocsnssia Sanssouci
24%
rthnoelost Holstentor
12%
orakre puap Europa Park
7%
zelnl reozhvoce Zeche Zollverein
7%
rhctkiesnhgeäe Gedächtniskirche
5%
kdsutr enemaatnbimres Bremer Stadtmusikanten
2%
trdeihpstsaec Speicherstadt
2%
Keine übereinstimmenden Quizze gefunden
Verteilung der Resultate
Anzahl Personen mit jedem Resultat
Perzentil nach korrekt beantworteten Fragen
Ihre Resultats-Entwicklung
Sie haben dieses Quiz noch nicht gespielt